000 00270nam a2200097Ia 4500
082 _a640.81 BROW
245 0 _aHousehold management for men
100 _a BROWNING, Nigel Sydney, NSW, 2003
_996643
942 _cBK
008 210817s9999 xx 000 0 und d
999 _c406996
_d406995